000 00295nam a22001337a 4500
008 170403b xxu||||| |||| 00| 0 eng d
020 _a9781877462764
041 _aeng
080 _22ND
_a574
100 _a9
101 _aSHM
245 _aENVIRONMENTAL SCIENCE
_cPRYOR, K
942 _2udc
_cBK
999 _c9547
_d9547